| 000 | 01388cam a22003737i 4500 | ||
|---|---|---|---|
| 999 |
_c330512 _d330512 |
||
| 001 | 17476214 | ||
| 003 | NUST | ||
| 005 | 20170718153129.0 | ||
| 008 | 120925s2013 enka b 001 0 eng d | ||
| 010 | _a 2012950203 | ||
| 015 |
_aGBB294360 _2bnb |
||
| 016 | 7 |
_a016173079 _2Uk |
|
| 020 | _a9781848213982 (hbk.) | ||
| 020 | _a1848213980 (hbk.) | ||
| 035 | _a(OCoLC)ocn825555978 | ||
| 040 |
_aUKMGB _beng _cUKMGB _erda _dOCLCO _dYDXCP _dU3G _dNHM _dOCLCF _dDLC |
||
| 042 | _alccopycat | ||
| 050 | 0 | 0 |
_aTA357.5.M43 _bL376 2013 |
| 082 | 0 | 4 |
_a621 BOU _223 |
| 245 | 0 | 0 |
_aLaser metrology in fluid mechanics : _bgranulometry, temperature and concentration measurements / _cEdited by Alain Boutier. |
| 260 |
_aLondon : _bISTE ; _aHoboken, NJ : _bWiley, _c2013. |
||
| 300 |
_aix, 332 pages : _billustrations ; _c24 cm. |
||
| 490 | 0 | _aWaves series | |
| 500 | _aH.B | ||
| 504 | _aIncludes bibliographical references and index. | ||
| 650 | 0 |
_aFluid mechanics _xMeasurement. _93396 |
|
| 650 | 0 |
_aMetrology. _93397 |
|
| 650 | 0 |
_aLasers. _93398 |
|
| 650 | 7 |
_aFluid mechanics _xMeasurement. _2fast _0(OCoLC)fst00928008 _93396 |
|
| 650 | 7 |
_aLasers. _2fast _0(OCoLC)fst00992842 _93398 |
|
| 650 | 7 |
_aMetrology. _2fast _0(OCoLC)fst01018841 _93397 |
|
| 700 | 1 |
_aBoutier, A. _q(Alain) _93399 |
|
| 906 |
_a7 _bcbc _ccopycat _d2 _encip _f20 _gy-gencatlg |
||
| 942 |
_2ddc _cBK _kIESE |
||